<?xml version="1.0" encoding="UTF-8"?>
<record
    xmlns:xsi="http://www.w3.org/2001/XMLSchema-instance"
    xsi:schemaLocation="http://www.loc.gov/MARC21/slim http://www.loc.gov/standards/marcxml/schema/MARC21slim.xsd"
    xmlns="http://www.loc.gov/MARC21/slim">

  <leader>01372nam a22002537a 4500</leader>
  <controlfield tag="003">OSt</controlfield>
  <controlfield tag="005">20220204140916.0</controlfield>
  <controlfield tag="008">120328t        xxu||||| |||| 00| 0 eng d</controlfield>
  <datafield tag="020" ind1=" " ind2=" ">
    <subfield code="a">9780230552708</subfield>
  </datafield>
  <datafield tag="040" ind1=" " ind2=" ">
    <subfield code="c">WIUC</subfield>
  </datafield>
  <datafield tag="050" ind1=" " ind2=" ">
    <subfield code="a">HD62.7.B85</subfield>
  </datafield>
  <datafield tag="100" ind1=" " ind2=" ">
    <subfield code="q">Bridge, Simon</subfield>
  </datafield>
  <datafield tag="245" ind1=" " ind2=" ">
    <subfield code="a">Understanding enterprise: entrepreneurship and small businesses. /</subfield>
    <subfield code="c">Simon Bridge, Ken O'Neill, Frank Martin</subfield>
  </datafield>
  <datafield tag="250" ind1=" " ind2=" ">
    <subfield code="a">3rd ed.</subfield>
  </datafield>
  <datafield tag="260" ind1=" " ind2=" ">
    <subfield code="a">London:</subfield>
    <subfield code="b">Palgrave/Macmillan,</subfield>
    <subfield code="c">2009.</subfield>
  </datafield>
  <datafield tag="300" ind1=" " ind2=" ">
    <subfield code="a">xxi, 505 p.:</subfield>
    <subfield code="b">ill,</subfield>
    <subfield code="c">27cm.</subfield>
  </datafield>
  <datafield tag="500" ind1=" " ind2=" ">
    <subfield code="a">Includes index.</subfield>
  </datafield>
  <datafield tag="505" ind1=" " ind2=" ">
    <subfield code="a">Contents: The concept of enterprise: Why talk about enterprise and entrepreneurship -- Enterprise and entrepreneurship; what do they mean -- Enterprise in individuals -- Enterprise: the external influences -- Other aspects of enterprise 2. Enterprise and small business: Small business; definitions, characteristics and needs -- The process of business formation -- Business growth -- Small is beautiful entrepreneurship in the bigger business -- 3. Promoting enterprise: Why intervene -- Theories, models, and assumptions(that might guide intervention) -- Intervention of methods (Objectives, structures and approaches) -- Intervention evaluation and results -- </subfield>
  </datafield>
  <datafield tag="650" ind1=" " ind2=" ">
    <subfield code="b">Small business-management.</subfield>
  </datafield>
  <datafield tag="653" ind1=" " ind2=" ">
    <subfield code="a">Entrepreneurship</subfield>
  </datafield>
  <datafield tag="700" ind1=" " ind2=" ">
    <subfield code="q">O'Neil, Ken</subfield>
  </datafield>
  <datafield tag="700" ind1=" " ind2=" ">
    <subfield code="q">Martin, Frank</subfield>
  </datafield>
  <datafield tag="942" ind1=" " ind2=" ">
    <subfield code="2">lcc</subfield>
    <subfield code="c">BK</subfield>
  </datafield>
  <datafield tag="999" ind1=" " ind2=" ">
    <subfield code="c">8608</subfield>
    <subfield code="d">16108</subfield>
  </datafield>
  <datafield tag="952" ind1=" " ind2=" ">
    <subfield code="0">0</subfield>
    <subfield code="1">0</subfield>
    <subfield code="2">lcc</subfield>
    <subfield code="4">0</subfield>
    <subfield code="7">0</subfield>
    <subfield code="a">WIUC-KL</subfield>
    <subfield code="b">WIUC-KL</subfield>
    <subfield code="c">GEN</subfield>
    <subfield code="d">2019-10-18</subfield>
    <subfield code="e">WIUC</subfield>
    <subfield code="o">HD62.7.B85(3e)</subfield>
    <subfield code="p">K/133/133/19</subfield>
    <subfield code="r">2022-02-02 00:00:00</subfield>
    <subfield code="t">1</subfield>
    <subfield code="w">2022-02-02</subfield>
    <subfield code="y">BK</subfield>
  </datafield>
  <datafield tag="952" ind1=" " ind2=" ">
    <subfield code="0">0</subfield>
    <subfield code="1">0</subfield>
    <subfield code="2">lcc</subfield>
    <subfield code="4">0</subfield>
    <subfield code="7">0</subfield>
    <subfield code="a">WIUC-KL</subfield>
    <subfield code="b">WIUC-KL</subfield>
    <subfield code="c">GEN</subfield>
    <subfield code="d">2019-10-18</subfield>
    <subfield code="e">WIUC</subfield>
    <subfield code="l">0</subfield>
    <subfield code="o">HD62.7.B851(3e)</subfield>
    <subfield code="p">K/134/134/19</subfield>
    <subfield code="r">2022-02-04 00:00:00</subfield>
    <subfield code="t">2</subfield>
    <subfield code="w">2022-02-02</subfield>
    <subfield code="y">BK</subfield>
  </datafield>
</record>
